01195nam a2200301 a 4500001000200000003000900002005001700011007000300028008003600031040003500067082003100102100005100133245009900184260006300283264005000346300002800396336002700424337003500451338003000486500007400516500000600590504003000596650005200626650004800678651005300726651005000779651006400829 DO-SdBPM20260327135053.0ta100601s2009 dr 001 0 spa d aDO-SdBPMbspacBPMSUerdadrda04a336.3435bH565d, 19532221 aHerrera, César A.,d1910-1988eautor 4aut. 10aDe Hartmont a Trujillo :bestudio para la historia de la deuda pública /cCésar A. Herrera bBanreservas;bSociedad Dominicana de Bibliófilos,c2009. aSanto Domingo :bImpresora Dominicana, c1953 a410 páginas ;c23 cm. atextobtxt2rdacontent asin mediación bn2rdamedia  avolumen bnc2rdacarrier  aIncluye referencias bibliográficas y notas al pie de las páginas. a  aBibliografía : p. 25-26 aDeuda externaxHistoriazRepública Dominicana 7aRepública dominicanaxHistoriay1865-1916 7aRepública DominicanaxCondiciones económicas 7aRepública DominicanaxPolítica y gobierno 7aRepública DominicanaxHistoriayEra de Trujillo 1930-1961